| 000 | 00836nam0a22002411 4500 | ||
|---|---|---|---|
| 001 | rc\251052 | ||
| 005 | 20250621015534.0 | ||
| 035 | _a(NLR Aleph) 005510326 | ||
| 090 |
_a5399772 _c5399772 |
||
| 100 | _a20030307d1990 |||y0rusy50 ca | ||
| 101 | 0 | _arus | |
| 102 | _aRU | ||
| 105 | _ay ||||||||| | ||
| 200 | 1 |
_aРешетки процессоров в графах _fШахбазян К.В., Тушкина Т.А., Лебединская Н.Б., Лебединский М.М. |
|
| 210 |
_aЛ. _cЛОМИ _d1990 |
||
| 215 |
_a19 с. _d21 |
||
| 225 | 1 |
_aПрепринт ЛОМИ _fАН СССР. Мат. ин-т им. В.А. Стеклова. Ленингр. отд-ние _vР-4-90 |
|
| 701 | 1 |
_aШахбазян _bК.В. |
|
| 801 | 0 |
_aRU _bNLR _gpsbo |
|
| 801 | 1 |
_aRU _bELAR _2rusmarc |
|
| 852 |
_aNLR _j90-4/6409 |
||
| 942 | _cBOOK | ||
| 980 | _aNB | ||